000 00741nam a2200217Ii 4500
003 JO-AjNU
008 230605s9999||||xx |||||||||||||| ||und||
017 _a1991/10/543
040 _aJO-AjNU
_bara
_erda
_cJO-AjNU
041 _aara
050 1 4 _aBP173.6.H3988 1991
100 3 _aالهزايمة، محمد عوض ؛ م.مشارك: عصام فارس الحرستاني، مصطفى نجيب,
_eauthor
_941077
245 0 0 _aالنظم الإسلامية
250 _aط1
264 3 1 _aعمان: دار عمار للنشر والتوزيع، 1991
300 _a220ص
336 _atext
_btxt
_2rdacontent
337 _aunmediated
_bn
_2rdamedia
338 _avolume
_bnc
_2rdacarrier
650 4 _aالاسلام والدولة
_941078
999 _aA17484
_c21052
_d21052